Trouvez le canton suisse - Statistiques

Statistiques générales
  • Ce quiz a été pris 16 fois
  • Le résultat moyen est 9 sur 15
Statistiques - réponses
Dans quel canton suisse... Cantons % Correct
est produit traditionnellement le fromage Gruyère ? Fribourg
100%
se produit le Festival du film de Locarno ? Tessin
100%
se trouve le Cervin ? Valais
100%
est érigée une statue de Freddie Mercury ? Vaud
93%
se trouve le siège du Comité International de la Croix-Rouge (CICR) ? Genève
87%
a lieu le "World Economic Forum" ? Grisons
80%
Jean-Jacques Rousseau a-t-il principalement vécu et développé ses œuvres ? Neuchâtel
67%
a été construit le fameux Kapellbrücke ? Lucerne
60%
est né Guillaume Tell ? Uri
47%
se trouve le siège principal de la Banque Raiffeisen ? Saint-Gall
40%
peut-on observer les chutes du Rhin ? Schaffhouse
40%
a été fondée la marque Lindt ? Zurich
40%
est encore célébrée la "Chienbäse" ? Bâle-Campagne
33%
se trouve le château des Habsbourg ? Argovie
27%
le nombre 11 a une signification particulière ? Soleure
13%
Aucun quiz correspondant
Distribution des résultats
% des personnes avec chaque résultat
Percentile par nombre de réponses
Votre historique - résultats
Vous n’avez pas pris ce quiz